000 01016nam2a22002531 4500
001 RU\NLR\INFOCOMM16\1000099934
005 20250617120623.0
035 _a(NLR Aleph) 002589679
090 _a3349859
_c3349859
100 _a20040529d1852 |||y0rusy50 ca
101 0 _arus
102 _aRU
105 _ay |||||||||
200 1 _aЛетний съезд
210 _d1852
_aБ. м.
225 1 _a...
_v1853, Т.4, №10-11
461 0 _1001RU\NLR\INFOCOMM16\1000099933
_12001#$aЗаписки Общества сельского хозяйства Юго-восточной России$v1852
_93349850
_aОбщество сельского хозяйства Юго-восточной России (Пенза)
_c[СПб.]
_d[1852-1862]
_tЗаписки Общества сельского хозяйства Юго-восточной России
_v1852
801 1 _aRU
_bInfoComm
_c20040529
801 0 _aRU
_bNLR
_gPSBO
852 _aNLR
_j3/2836
942 _cISSUE
980 _aNB
980 _aRUSPER